|
|
|
|
| LEADER |
01005naa a2200217 i 4500 |
| 001 |
acta67050 |
| 005 |
20260224081030.0 |
| 008 |
200325s2020 hu o 100 eng d |
| 022 |
|
|
|a 2064-4825
|
| 024 |
7 |
|
|a 10.14232/syrptbrs.2020.op38
|2 doi
|
| 040 |
|
|
|a SZTE Egyetemi Kiadványok Repozitórium
|b hun
|
| 041 |
|
|
|a eng
|
| 100 |
1 |
|
|a Mukhtar Mahwash
|
| 245 |
1 |
0 |
|a Development of inhalable chitosan nano system conjugated with hyaluronic acid for treatment of tuberculosis
|h [elektronikus dokumentum] /
|c Mukhtar Mahwash
|
| 260 |
|
|
|c 2020
|
| 300 |
|
|
|a 38
|
| 490 |
0 |
|
|a Symposium of Young Researchers on Pharmaceutical Technology, Biotechnology and Regulatory Science
|v 2
|
| 695 |
|
|
|a Gyógyszertechnológia - előadáskivonat, Biotechnológia - előadáskivonat
|
| 700 |
0 |
1 |
|a Ambrus Rita
|e aut
|
| 710 |
|
|
|a Symposium of Young Researchers on Pharmaceutical Technology, Biotechnology and Regulatory Science (2.) (2020) (Szeged)
|
| 856 |
4 |
0 |
|u http://acta.bibl.u-szeged.hu/67050/1/syrptbrs_2020_043.pdf
|z Dokumentum-elérés
|